| 000 | 01754nam2a22003731 4500 | ||
|---|---|---|---|
| 001 | v19\rc\2040252 | ||
| 005 | 20260406084907.0 | ||
| 035 | _a(NLR Aleph) 005117954 | ||
| 090 |
_a7563449 _c7563449 |
||
| 100 | _a20080925d1917 u y0rusy50 ca | ||
| 101 | 0 | _arus | |
| 102 | _aRU | ||
| 105 | _ay z ||||| | ||
| 200 | 0 |
_aЧ. 1 _fПод ред. А.М. Васютинского, А.К. Джевелегова, В.Н. Перцева и К.В. Сивкова |
|
| 461 | 0 |
_1001v19\rc\2040251 _12001#$aСредние века в очерках и рассказах$eКнига для чтения для учащихся 4-5 кл. сред. шк. Ч. 1-$vЧ. 1 _97563442 _cМосква _d1917 _nЗадруга _oКнига для чтения для учащихся 4-5 кл. сред. шк. Ч. 1- _tСредние века в очерках и рассказах _vЧ. 1 |
|
| 702 | 1 |
_4340 _7ca _8rus _aВасютинский _bА. М. _f1877-1947 _gАлексей Макарович _3RU\NLR\AUTH\770279540 _92651507 |
|
| 702 | 1 |
_4340 _7ca _8rus _aДживелегов _bА. К. _f1875-1952 _gАлексей Карпович _9194600 _3RU\NLR\AUTH\770194651 |
|
| 702 | 1 |
_aПерцев _bВ.Н. _f1877-1960 _gВладимир Николаевич _4340 |
|
| 702 | 1 |
_aСивков _bК.В. _f1882-1959 _gКонстантин Васильевич _4340 |
|
| 801 | 0 |
_aRU _bNLR _gpsbo |
|
| 801 | 0 |
_aRU _bRuMoRGB _2psbo |
|
| 801 | 1 |
_aRU _bProSoft-M _2rusmarc |
|
| 852 |
_aNLR _jКр I/6756 |
||
| 852 |
_aNLR _jИ24/В-5/8 |
||
| 899 |
_aRuMoRGB _jS 92/20 |
||
| 899 |
_aRuMoRGB _jA 308/97 |
||
| 899 |
_aRuMoRGB _jS 92/62 |
||
| 899 |
_aRuMoRGB _jФ 1-77/12542 |
||
| 899 | _aНБ СПбГУ | ||
| 899 | _aГПИБ | ||
| 899 | _aНБ МГУ | ||
| 942 | _cBOOK | ||
| 980 | _aNB | ||